000 00293nam a2200121Ia 4500
005 20251222144838.0
008 251222s9999||||xx |||||||||||||| ||spa||
020 _a950-090406-3
082 _a922.22/T41
100 _a"Teresa de Jesys, Santa"
245 0 _aSe trata de amar mucho
942 _cLIB
999 _c21134
_d21134